000 00461nam a2200145Ia 4500
008 090124s9999 xx 000 0 und d
082 _b33235
245 _a लक्षाधीश करणारी पिके
250 _a1
260 _bराऊळ वि. ग.
_c2005
300 _a128
630 _a लक्षाधीश करणारी पिके
730 _a लक्षाधीश करणारी पिके
942 _cBOOK
999 _c180738
_d180738